El evangelio de Marcos

Wedi'i Gadw mewn:
Manylion Llyfryddiaeth
Prif Awdur: Rodríguez Carmona, Antonio (Awdur)
Fformat: Llyfr
Iaith:Sbaeneg
Cyhoeddwyd: Pamplona Asociación Bíblica Española 1994
Pamplona Verbo Divino 1994
Rhifyn:1a. ed
Cyfres:Reseña Bíblica, 17
Pynciau:
Tagiau: Ychwanegu Tag
Dim Tagiau, Byddwch y cyntaf i dagio'r cofnod hwn!

MARC

LEADER 00000cam a2200000 a 4500
001 UCQ7746
003 CL-VaPUC
008 981113e19940000SP |||||||||||||||||spa|d
020 |a 9789505123889 
082 0 4 |a 220.9  |b ROD  |2 21 
100 0 |a Rodríguez Carmona, Antonio  |e author  |9 421544 
245 1 3 |a El evangelio de Marcos 
250 |a 1a. ed 
300 |a 72 p 
942 |c BK 
945 |d 19981113 00:00:00  |a aarredon 
260 |a Pamplona  |b Asociación Bíblica Española  |c 1994 
260 |a Pamplona  |b Verbo Divino  |c 1994 
600 0 7 |a SAN MARCOS  |2 CL-VaPUC  |9 362504 
650 0 |a Evangelistas  |9 315131 
583 |a last modification  |c 20130910 04:55:49  |k Rodrigo Vera 
490 0 |a Reseña Bíblica, 17 
999 |c 277201  |d 277199 
952 |0 0  |1 2  |4 0  |6 220_900000000000000_ROD_1994_1994  |7 0  |8 A  |9 315023  |a BIBTEO  |b BIBTEO  |d 2019-11-20  |i 3479684  |o 220.9 ROD 1994 1994  |p 3479684  |r 2019-11-20  |w 2019-11-20  |y BK  |k ICR